Éléments du tableau périodique sur une carte de France - Statistiques

Statistiques générales
  • Ce quiz a été pris 547 fois
  • Le résultat moyen est 35 sur 95
Réponses sur la Carte
Les réponses sont colorées sur une échelle allant du rouge au vert en fonction du pourcentage des utilisateurs qui les ont devinées à leur premier essai. Vous pouvez retrouver ces pourcentages ci-dessous.
 
Statistiques - réponses
Élément % Correct
01 Hydrogène
91%
08 Oxygène
89%
79 Or
84%
06 Carbone
83%
02 Hélium
83%
47 Argent
79%
26 Fer
79%
07 Azote
76%
19 Potassium
67%
29 Cuivre
66%
92 Uranium
66%
10 Néon
65%
11 Sodium
63%
09 Fluor
62%
12 Magnésium
61%
03 Lithium
60%
05 Bore
59%
20 Calcium
59%
17 Chlore
59%
13 Aluminium
58%
16 Soufre
56%
30 Zinc
56%
18 Argon
54%
25 Manganèse
52%
54 Xénon
52%
04 Béryllium
49%
53 Iode
48%
15 Phosphore
47%
14 Silicium
47%
36 Krypton
46%
22 Titane
45%
80 Mercure
44%
82 Plomb
44%
87 Francium
42%
94 Plutonium
42%
35 Brome
41%
24 Chrome
41%
50 Étain
41%
84 Polonium
41%
88 Radium
40%
86 Radon
40%
31 Gallium
39%
28 Nickel
39%
78 Platine
39%
74 Tungstène
39%
27 Cobalt
37%
32 Germanium
37%
33 Arsenic
31%
46 Palladium
29%
23 Vanadium
29%
34 Sélénium
27%
77 Iridium
26%
39 Yttrium
26%
40 Zirconium
26%
51 Antimoine
25%
95 Americium
24%
48 Cadmium
23%
55 Césium
23%
37 Rubidium
22%
21 Scandium
22%
38 Strontium
22%
56 Baryum
21%
73 Tantale
21%
49 Indium
20%
57 Lanthane
20%
93 Neptunium
20%
68 Erbium
19%
63 Europium
19%
42 Molybdène
19%
85 Astate
18%
83 Bismuth
18%
45 Rhodium
17%
52 Tellure
17%
81 Thallium
16%
90 Thorium
16%
70 Ytterbium
16%
58 Cérium
15%
76 Osmium
15%
89 Actinium
14%
44 Ruthénium
14%
43 Technétium
14%
72 Hafnium
13%
71 Lutécium
13%
60 Néodyme
13%
59 Praséodyme
13%
75 Rhénium
13%
64 Gadolinium
12%
41 Niobium
12%
65 Terbium
12%
66 Dysprosium
9%
61 Prométhium
9%
91 Protactinium
9%
62 Samarium
9%
67 Holmium
8%
69 Thulium
8%
Aucun quiz correspondant
Distribution des résultats
% des personnes avec chaque résultat
Percentile par nombre de réponses
Votre historique - résultats
Vous n’avez pas pris ce quiz